|
|
|
|
| LEADER |
00000nam0a2200000 4500 |
| 001 |
271794 |
| 005 |
20231101234454.0 |
| 035 |
|
|
|a (RuTPU)RU\TPU\book\294997
|
| 090 |
|
|
|a 271794
|
| 100 |
|
|
|a 20141011d1986 k y0rusy5003 ca
|
| 101 |
0 |
|
|a rus
|
| 102 |
|
|
|a RU
|
| 105 |
|
|
|a y z 000zy
|
| 200 |
1 |
|
|a Гидродинамика и оптимальное проектирование
|e межвузовский сборник
|f Горьковский политехнический институт имени А. А. Жданова (ГПИ) ; под ред. А. Н. Панченкова
|
| 210 |
|
|
|a Горький
|c Изд-во ГПИ
|d 1986
|
| 215 |
|
|
|a 177 с.
|c ил.
|
| 320 |
|
|
|a Библиография в конце статей
|
| 606 |
1 |
|
|a Гидродинамика
|2 stltpush
|3 (RuTPU)RU\TPU\subj\6651
|9 34481
|
| 606 |
1 |
|
|a Суда гражданские
|x Проектирование
|2 stltpush
|3 (RuTPU)RU\TPU\subj\58044
|9 75885
|
| 610 |
1 |
|
|a аэродинамика
|
| 610 |
1 |
|
|a судовые конструкции
|
| 610 |
1 |
|
|a оптимальное проектирование
|
| 610 |
1 |
|
|a несущие поверхности
|
| 610 |
1 |
|
|a АСНИ
|
| 610 |
1 |
|
|a САПР
|
| 610 |
1 |
|
|a математические методы
|
| 675 |
|
|
|a 532.5
|z rus
|v 4
|
| 675 |
|
|
|a 629.12.001
|z rus
|v 4
|
| 702 |
|
1 |
|a Панченков
|b А. Н.
|g Анатолий Николаевич
|4 340
|
| 712 |
0 |
2 |
|a Горьковский политехнический институт имени А. А. Жданова (ГПИ)
|c (1950-1990)
|2 stltpush
|3 (RuTPU)RU\TPU\col\2321
|
| 801 |
|
0 |
|a RU
|b RuMRKP
|c 19950417
|g psbo
|
| 801 |
|
1 |
|a RU
|b 63413507
|c 20141011
|
| 801 |
|
2 |
|a RU
|b 63413507
|c 20170314
|g RCR
|
| 942 |
|
|
|c BK
|